Everybody's Fool by Evanescence - Lyrics - Statistics

General Stats
  • This quiz has been taken 55 times
  • The average score is 131 of 152
Answer Stats
Answer % Correct
a
100%
and
100%
And
100%
I
100%
no
100%
be,
96%
be
96%
everybody
96%
in
96%
me?
96%
me
96%
now,
96%
now
96%
was
96%
will
96%
you
96%
You
96%
you,
96%
don't
91%
fool
91%
got
91%
know
91%
love
91%
Never
91%
never
91%
the
91%
we
91%
who
91%
your
91%
you're
91%
You're
91%
by
87%
fooled
87%
fooled.
87%
how
87%
of
87%
you've
87%
all
83%
are,
83%
Can't
83%
can't
83%
everybody's
83%
here
83%
that
83%
anymore.
78%
betrayed
78%
But
78%
Have
78%
have
78%
nature,
78%
Oh,
78%
Perfect
78%
see
78%
self
78%
truth
78%
when
78%
comes
74%
down
74%
icons
74%
indulgence
74%
Just
74%
Look,
74%
need,
74%
she
74%
what
74%
where
74%
world
74%
bow
70%
It
70%
lie.
70%
mask,
70%
more
70%
shame,
70%
stare
70%
Without
70%
wonder
70%
about
65%
find
65%
hide?
65%
lies
65%
not
65%
pretending
65%
somehow
65%
Somehow
65%
lost
61%
yourself,
61%
real
57%
save
57%
flaws
52%
No matching quizzes found
Score Distribution
Percent of People with Each Score
Percentile by Number Answered
Your Score History
You have not taken this quiz